01218nam a2200241Ia 4500001000900000003001000009008004100019040002500060041001400085100001700099245008500116250001100201260005200212300001200264500016700276501011400443520016700557650004000724942000700764957000600771999004100777952015800818L109-755IT-CnALBA170116s9999||||xx |||||||||||||| ||und|| aIT-CnALBAcIT-CnALBA aFRANCESE  aPALHORIES F. 0aVIES ET DOCTRINES DES GRANDS PHILOSOPHES A TRAVERS LES AGES VOL. I ANTIQUITÈ.  a2a ed. a PARISbANORE F. EDITEUR c1936 [1° Ed.: n.d.] a288 p.  aPREFAZIONE. LEZIONE DI FILOSOFIA. I PRIMI FILOSOFI GRECI. SOFISTI E SOCRATE. PLATONE ARISTOTELE EPICURO. STOICISMO SCETTICISMO SCUOLA D'ALESSANDRIA. S. AGOSTINO.  aSocietà San Paolo EM - Piazza San Paolo, 14 - 12051 ALBA (CN) (non commercial uses only) ® Copyright 2017 aPREFAZIONE. LEZIONE DI FILOSOFIA. I PRIMI FILOSOFI GRECI. SOFISTI E SOCRATE. PLATONE ARISTOTELE EPICURO. STOICISMO SCETTICISMO SCUOLA D'ALESSANDRIA. S. AGOSTINO.  aTRATTAZIONE STORICA DELLA FILOSOFIA cBK 71 a854bSI g Copie: 1 c259991d259991 0010406L_10975571aALBAbALBAd2017-01-16l0oL109-755r2017-01-16 00:00:00w2017-01-16yBKz(data import: 16 gennaio 2017) - By Epidotti, Vaglietti.